000 00459nam a2200181Ia 4500
008 131103s9999 xx 000 0 und d
020 _a340228318
040 _aLoreto College
041 _aEnglish
082 _aF/HIG
_bLCLIB/25223;35988
100 _aHiggins,Jack
245 _aPassage by night
_cJack Higgins
260 _aLondon
_bCoronet Books
_c1964
300 _a174 p.
_c 18 cm.
650 _aFiction in English
850 _aLCLIB
942 _cBK
999 _c14865
_d65344